<?xml version="1.0" encoding="UTF-8"?><?xml-stylesheet type="text/xsl" href="static/style.xsl"?><OAI-PMH xmlns="http://www.openarchives.org/OAI/2.0/" xmlns:xsi="http://www.w3.org/2001/XMLSchema-instance" xsi:schemaLocation="http://www.openarchives.org/OAI/2.0/ http://www.openarchives.org/OAI/2.0/OAI-PMH.xsd"><responseDate>2026-04-17T15:41:58Z</responseDate><request verb="GetRecord" identifier="oai:www.recercat.cat:2117/395104" metadataPrefix="marc">https://recercat.cat/oai/request</request><GetRecord><record><header><identifier>oai:recercat.cat:2117/395104</identifier><datestamp>2026-01-24T03:34:23Z</datestamp><setSpec>com_2072_1033</setSpec><setSpec>col_2072_452950</setSpec></header><metadata><record xmlns="http://www.loc.gov/MARC21/slim" xmlns:dcterms="http://purl.org/dc/terms/" xmlns:xsi="http://www.w3.org/2001/XMLSchema-instance" xmlns:doc="http://www.lyncode.com/xoai" xsi:schemaLocation="http://www.loc.gov/MARC21/slim http://www.loc.gov/standards/marcxml/schema/MARC21slim.xsd">
   <leader>00925njm 22002777a 4500</leader>
   <datafield ind2=" " ind1=" " tag="042">
      <subfield code="a">dc</subfield>
   </datafield>
   <datafield ind2=" " ind1=" " tag="720">
      <subfield code="a">Cerdà Alabern, Llorenç</subfield>
      <subfield code="e">author</subfield>
   </datafield>
   <datafield ind2=" " ind1=" " tag="720">
      <subfield code="a">Iuhasz, Gabriel</subfield>
      <subfield code="e">author</subfield>
   </datafield>
   <datafield ind2=" " ind1=" " tag="260">
      <subfield code="c">2023-08</subfield>
   </datafield>
   <datafield ind2=" " ind1=" " tag="520">
      <subfield code="a">Wireless community networks, WCN, have proliferated around the world. Cheap off-the-shelf WiFi devices have enabled this new network paradigm where users build their own network infrastructure in a do-it-yourself alternative to traditional network operators. The fact that users are responsible for the administration of their own nodes makes the network very dynamic. &#xd;
There are frequent reboots of the networking devices, and users that join and leave the network. In addition, the unplanned deployment of the network makes it very heterogeneous, with both high and low capacity links. Therefore, anomaly detection in such dynamic scenario is challenging. In this paper we provide a dataset gathered from a production WCN. The data was obtained from a central server that collects data from the mesh nodes that build the network. In total, 63 different nodes were encountered during the data collection. The WCN is used daily to access the Internet from 17 subscribers of the local ISP available on the mesh.&#xd;
We have produced a dataset gathering a large set of features related not only to traffic, but other parameters such as CPU and memory. Furthermore, we provide the network topology of each sample in terms of the adjacency matrix, routing table and routing metrics. In the data we provide there is a known unprovoked gateway failure. Therefore, the dataset can be used to investigate the performance of unsupervised machine learning algorithms for fault detection in WCN. To our knowledge, this is the first dataset that allows fault detection to be investigated from a production WCN.</subfield>
   </datafield>
   <datafield ind2=" " ind1=" " tag="520">
      <subfield code="a">This work has received funding through the DiPET CHIST-ERA under grant agreement PCI2019-111850-2; Spanish grant PID2019- 106774RB-C21; Romanian DIPET (62652/15.11.2019) project funded via PN 124/2020; and has been partially supported by the EU research project SERRANO (101017168) and hardware resources courtesy of the Romanian Ministry of Research and Innovation UEFISCDI COCO research project PN III-P4-ID-PCE-2020-0407.</subfield>
   </datafield>
   <datafield ind2=" " ind1=" " tag="520">
      <subfield code="a">Peer Reviewed</subfield>
   </datafield>
   <datafield ind2=" " ind1=" " tag="520">
      <subfield code="a">Postprint (published version)</subfield>
   </datafield>
   <datafield tag="653" ind2=" " ind1=" ">
      <subfield code="a">Àrees temàtiques de la UPC::Enginyeria de la telecomunicació::Telemàtica i xarxes d'ordinadors</subfield>
   </datafield>
   <datafield tag="653" ind2=" " ind1=" ">
      <subfield code="a">Àrees temàtiques de la UPC::Informàtica::Intel·ligència artificial::Aprenentatge automàtic</subfield>
   </datafield>
   <datafield tag="653" ind2=" " ind1=" ">
      <subfield code="a">Wireless communications systems</subfield>
   </datafield>
   <datafield tag="653" ind2=" " ind1=" ">
      <subfield code="a">Machine learning</subfield>
   </datafield>
   <datafield tag="653" ind2=" " ind1=" ">
      <subfield code="a">Fault location (Engineering)</subfield>
   </datafield>
   <datafield tag="653" ind2=" " ind1=" ">
      <subfield code="a">Fault detection</subfield>
   </datafield>
   <datafield tag="653" ind2=" " ind1=" ">
      <subfield code="a">Wireless network dataset</subfield>
   </datafield>
   <datafield tag="653" ind2=" " ind1=" ">
      <subfield code="a">Wireless community networks</subfield>
   </datafield>
   <datafield tag="653" ind2=" " ind1=" ">
      <subfield code="a">Comunicació sense fil, Sistemes de</subfield>
   </datafield>
   <datafield tag="653" ind2=" " ind1=" ">
      <subfield code="a">Aprenentatge automàtic</subfield>
   </datafield>
   <datafield tag="653" ind2=" " ind1=" ">
      <subfield code="a">Avaries -- Localització</subfield>
   </datafield>
   <datafield ind2="0" ind1="0" tag="245">
      <subfield code="a">Dataset for anomaly detection in a production wireless mesh community network</subfield>
   </datafield>
</record></metadata></record></GetRecord></OAI-PMH>